Sports Quiz

Random Sports or Soccer Quiz

Champions League XIs: Bayern Munich Quiz Stats

 Plays Quiz Updated Feb 21, 2019

Score 0/231 Timer 20:00
5 Plays Today
% Correct
Manuel Neuer
97%
Manuel Neuer
96.9%
Manuel Neuer
96.9%
Manuel Neuer
96.9%
Manuel Neuer
96.7%
Manuel Neuer
96.2%
Arjen Robben
94.6%
Arjen Robben
94.5%
Robert Lewandowski
94.3%
Philipp Lahm
94.2%
Philipp Lahm
94.2%
Philipp Lahm
94.1%
Arjen Robben
94.1%
Arjen Robben
94.1%
Robert Lewandowski
94%
Philipp Lahm
94%
Robert Lewandowski
93.9%
Philipp Lahm
93.8%
Philipp Lahm
93.8%
Philipp Lahm
93.8%
Philipp Lahm
93.8%
Franck Ribéry
93.7%
Robert Lewandowski
93.6%
Philipp Lahm
93.7%
Franck Ribéry
93.6%
Franck Ribéry
93.4%
Franck Ribéry
93.3%
Franck Ribéry
93.3%
Philipp Lahm
93.1%
Thomas Müller
92.3%
Thomas Müller
92.3%
Oliver Kahn
92.2%
Oliver Kahn
92.2%
Oliver Kahn
92.2%
Oliver Kahn
92.2%
Oliver Kahn
92.2%
Oliver Kahn
92.2%
Oliver Kahn
92.2%
Oliver Kahn
92.2%
Oliver Kahn
92.2%
Oliver Kahn
92.2%
Oliver Kahn
92.2%
Thomas Müller
92.1%
Thomas Müller
92.1%
Thomas Müller
92%
Jérôme Boateng
92%
Jérôme Boateng
91.8%
Thomas Müller
91.8%
Jérôme Boateng
91.7%
Thomas Müller
91.4%
Jérôme Boateng
91.4%
Thomas Müller
91.2%
Thomas Müller
90.6%
Mats Hummels
90.4%
Jérôme Boateng
90.1%
Mats Hummels
89.4%
Jérôme Boateng
87.2%
Bastian Schweinsteiger
87.1%
Bastian Schweinsteiger
87.1%
Bastian Schweinsteiger
87.1%
Bastian Schweinsteiger
86.7%
Bastian Schweinsteiger
86.4%
David Alaba
86.5%
David Alaba
86.4%
David Alaba
86.4%
David Alaba
86.3%
David Alaba
86.1%
David Alaba
85.9%
David Alaba
83.1%
Mario Gomez
82%
Mario Gomez
81.7%
Thiago Alcántara
78.8%
Thiago Alcántara
78.7%
Joshua Kimmich
78.1%
Thiago Alcántara
77.5%
Mario Mandžukić
77.2%
Toni Kroos
76.3%
% Correct
Toni Kroos
75.9%
Mario Mandžukić
75.9%
Toni Kroos
75.5%
Javi Martínez
75.4%
Xabi Alonso
75.1%
Miroslav Klose
74.9%
Toni Kroos
74.7%
Xabi Alonso
74.5%
Javi Martínez
74.4%
Javi Martínez
74.1%
Mario Götze
74.1%
Xabi Alonso
72.2%
Michael Ballack
69.4%
Michael Ballack
69.4%
Michael Ballack
69.4%
Michael Ballack
69.4%
Arturo Vidal
68.8%
Dante
68.5%
Arturo Vidal
67.9%
James Rodríguez
66.7%
Dante
66.3%
Joshua Kimmich
64.7%
Holger Badstuber
64.2%
Holger Badstuber
64%
Holger Badstuber
63.7%
Giovane Elber
63.1%
Giovane Elber
63.1%
Giovane Elber
63.1%
Giovane Elber
63.1%
Giovane Elber
63.1%
Giovane Elber
63.1%
Hans-Jorg Butt
62.9%
Rafinha
62.5%
Douglas Costa
62.5%
Hans-Jorg Butt
62.3%
Bixente Lizarazu
62.2%
Bixente Lizarazu
62.2%
Bixente Lizarazu
62.2%
Bixente Lizarazu
62.2%
Bixente Lizarazu
62.2%
Lukas Podolski
62.2%
Rafinha
62%
Daniel Van Buyten
60.4%
Daniel Van Buyten
60.4%
Stefan Effenberg
60.1%
Stefan Effenberg
60.1%
Stefan Effenberg
60.1%
Luca Toni
60.1%
Daniel Van Buyten
59.9%
Willy Sagnol
59.5%
Willy Sagnol
59.5%
Willy Sagnol
59.5%
Willy Sagnol
59.5%
Willy Sagnol
59.5%
Willy Sagnol
59.5%
Willy Sagnol
59.5%
Lothar Matthaus
59.3%
Lothar Matthaus
59.3%
Lothar Matthaus
59.3%
Roy Makaay
59%
Roy Makaay
59%
Roy Makaay
59%
Roy Makaay
59%
Sven Ulreich
58.7%
Claudio Pizarro
58.3%
Claudio Pizarro
58.3%
Claudio Pizarro
58.3%
Claudio Pizarro
58.3%
Claudio Pizarro
58.3%
Mehmet Scholl
57.4%
Mehmet Scholl
57.4%
Mehmet Scholl
57.4%
Mehmet Scholl
57.4%
Mark Van Bommel
56.2%
Mark Van Bommel
56.2%
Mark Van Bommel
56.2%
Niklas Süle
55.9%
% Correct
Lucio
55.1%
Lucio
55.1%
Lucio
55.1%
Lucio
55.1%
Samuel Kuffour
54.1%
Samuel Kuffour
54.1%
Samuel Kuffour
54.1%
Samuel Kuffour
54.1%
Samuel Kuffour
54.1%
Samuel Kuffour
54.1%
Samuel Kuffour
54.1%
Carsten Jancker
52.2%
Carsten Jancker
52.2%
Ivica Olic
52.1%
Martin Demichelis
49.9%
Martin Demichelis
49.9%
Martin Demichelis
49.9%
Martin Demichelis
49.9%
Owen Hargreaves
49.7%
Owen Hargreaves
49.7%
Owen Hargreaves
49.7%
Ze Roberto
49.7%
Ze Roberto
49.7%
Ze Roberto
49.7%
Ze Roberto
49.7%
Ze Roberto
49.7%
Hasan Salihamidžić
47.5%
Hasan Salihamidžić
47.5%
Hasan Salihamidžić
47.5%
Hasan Salihamidžić
47.5%
Jens Jeremies
45.3%
Jens Jeremies
45.3%
Jens Jeremies
45.3%
Juan Bernat
44.8%
Medhi Benatia
44.7%
Thomas Linke
44.6%
Thomas Linke
44.6%
Thomas Linke
44.6%
Jens Jeremies
44.4%
Mario Basler
43.6%
Torsten Frings
43.6%
Michael Rensing
42.9%
Roque Santa Cruz
41.5%
Luiz Gustavo
40.8%
Markus Babbel
40%
Markus Babbel
40%
Markus Babbel
40%
Markus Babbel
40%
Sebastian Deisler
36.6%
Christian Ziege
35.6%
Anatoly Tymoshchuk
35.1%
Patrik Andersson
35%
Alexander Zickler
34.6%
Dietmar Hamann
34.2%
Michael Tarnat
33.2%
Michael Tarnat
33.2%
Michael Tarnat
33.2%
Robert Kovac
32.1%
Robert Kovac
32.1%
Robert Kovac
32.1%
Thomas Helmer
32.1%
Thomas Helmer
32.1%
Paulo Sergio
31.2%
Paulo Sergio
31.2%
Hamit Altintop
31.1%
Thorsten Fink
29.5%
Thorsten Fink
29.5%
Danijel Pranjic
29%
Massimo Oddo
27.2%
Valerien Ismael
26.1%
Andreas Ottl
26.1%
Christian Nerlinger
24.5%
Christian Nerlinger
24.5%
Jorginho
18.8%
Marcel Witeczek
17.4%
Alain Sutter
16.5%
Markus Schupp
15.3%

You're not logged in!

Compare scores with friends on all Sporcle quizzes.
OR
Log In

Show Comments

Extras

Top Quizzes Today


Score Distribution

Your Account Isn't Verified!

In order to create a playlist on Sporcle, you need to verify the email address you used during registration. Go to your Sporcle Settings to finish the process.

Report this User

Report this user for behavior that violates our Community Guidelines.

Details: